Online Catalogue and eLibrary

A guide to human rights and the humanitarian law : (Record no. 570)

MARC details
000 -LEADER
fixed length control field 00450nam a22001577a 4500
005 - DATE AND TIME OF LATEST TRANSACTION
control field 20240416042303.0
008 - FIXED-LENGTH DATA ELEMENTS--GENERAL INFORMATION
fixed length control field 240314b |||||||| |||| 00| 0 eng d
082 ## - DDC Classification
DDC Edition Number 22
Class No. 323.4.
Item Number - Author Mark ANT.
100 ## - MAIN ENTRY--PERSONAL NAME
Personal name Fernando, Anton.
245 ## - TITLE STATEMENT
Title A guide to human rights and the humanitarian law :
Statement of responsibility, etc. Anton Fernando.
250 ## - EDITION STATEMENT
Edition statement 1st.
260 ## - PUBLICATION, DISTRIBUTION, ETC.
Place of publication, distribution, etc. Colombo ;
Name of publisher, distributor, etc. Center for legal and social Development /
Date of publication, distribution, etc. 1990.
300 ## - PHYSICAL DESCRIPTION
Extent (e.g. Volumes, Pages etc.) 59 p.,
650 ## - SUBJECT ADDED ENTRY--TOPICAL TERM
Topical term or geographic name entry element Human rights
942 ## - Koha item type (Biblio)
Koha item type Books in Stacks (Lending)
Holdings
Lost status Damaged status Collection code Home library Current library Date acquired Full call number Accession Number Item type
    Lending WERC Library WERC Library 03/14/2024 323.4. ANT. 109 Books in Stacks (Lending)

© WERC Library